| 000 | 00512nam a2200157 i 4500 | ||
|---|---|---|---|
| 001 | 70135 | ||
| 003 | ES-MaACL | ||
| 005 | 20230906170729.0 | ||
| 007 | t| | ||
| 008 | 040719s1930 sp ||||1| spa d | ||
| 100 | 1 |
_aGarcía Oviedo, Carlos. _955069 |
|
| 245 | 1 | 0 |
_aInstituciones de derecho administrativo con referencias a la legislación y jurisprudencia españolas / _cpor Carlos García Oviedo. |
| 260 |
_aSevilla : _bEulagio de las Heras, _c1930. |
||
| 300 |
_a2 v. ; _c24 cm. |
||
| 852 |
_aES-MaACL _jA-566-67 |
||
| 999 |
_c70135 _d70135 |
||